| 000 | 00686nam a2200217 i 4500 | ||
|---|---|---|---|
| 001 | 111156 | ||
| 003 | ES-MaACL | ||
| 005 | 20250728030931.0 | ||
| 007 | t| | ||
| 008 | 061121s1958 sp r ||||1| spa d | ||
| 100 | 1 |
_aNeblete, C. B. _985261 |
|
| 245 | 1 | 3 |
_aLa fotografía _b: sus materiales y procedimientos / _cC. B. Neblete; traducción española por Miguel Solís. |
| 260 |
_aBarcelona : _bOmega, _c1958. |
||
| 300 |
_a491 p., 2 lám. ; _c24 cm. |
||
| 490 | 1 | _aFoto biblioteca | |
| 650 | 0 | 7 |
_aFotografía _2embne _912943 |
| 700 | 1 |
_aSolís, Miguel. _9107214 |
|
| 830 | 0 |
_aFoto biblioteca _9181378 |
|
| 852 |
_aES-MaACL _jC-14967 _bR.43010 |
||
| 999 |
_c111156 _d111156 |
||